00892njm a22002773a 450000500170000000800410001701000170005802000320007502000310010702000310013803500250016903500210019403500240021503500200023903500240025903500190028303700080030204000180031008200060032824500490033426000370038327000840042030000530050450000400055770000170059720020122140905.0020122s2000 xxuuun  aB-329718-774 a9788179873618 (v.1)c38.00 a9788179873724 (v.2)c38.00 a9788179873731 (v.3)c38.00 aB-329718-736 (v.1) aB-357839 (v.1) aB-329737-755 (v.2) aB-357840 (v.2) aB-329756-774 (v.3) aB-357841 (v.3) bPUB adplbEnglish  aS aThe jungle stories /cedited by Rakesh Nath  c(200?)aNew Delhi bVishv Books  aM-12, Connaught Circus, bNew Delhie110001k011-41517890lmybook@vishvbook.com a3V (32p.; 32p.; 32p.)bcol. ill. c24cm. (pbk)  aThis book is published in 3 volumes aRakesh Nath